00552nam a2200145 a 450000100100000000500170001000800410002704000250006824500520009326000590014530000210020450000590022595201050028499900170038900003364720200930070418.0110902s1846 sp 000 0 spa d aDO-SdBNPbspacBNPHU00aCristoforo Colombo libri VIII di Lorenzo Costa. aGénova :bTipografia del fratelli ponthenier,c1846. a354 p. ;c24 cm. aAl magnifico corpo decurionale della citta de Génova 001050718MOaGRbGRcCTd2011-09-02iLF1l0o p33647-10r2020-06-25w2020-06-25y1ZNo se presta c33138d33138